000 00189nam a2200073Ia 4500
008 170524s9999 xx 000 0 und d
100 _aWHALEN- D. JOEL
245 4 _aTHE PROFFESSIONAL COMMUNICATION TOOL KIT
260 _bSAGE
999 _c8329
_d8329